书目信息 |
| 题名: |
改善糖尿病100法
|
|
| 作者: | 李成卫 主编 | |
| 分册: | ||
| 出版信息: | 北京 中国纺织出版社 2009 |
|
| 页数: | 96页 | |
| 开本: | 24cm | |
| 丛书名: | ||
| 单 册: | ||
| 中图分类: | R587.1 | |
| 科图分类: | ||
| 主题词: | 糖尿病--防治 , 糖尿病 | |
| 电子资源: | ||
| ISBN: | 978-7-5064-5709-5 | |
| 000 | 00837nam0 2200253 45 | |
| 001 | 1032983921 | |
| 005 | 20100407170443.09 | |
| 010 | @a978-7-5064-5709-5@dCNY16.00 | |
| 100 | @a20100331e2009 em y0chiy50 ea | |
| 101 | 0 | @achi |
| 102 | @aCN@b110000 | |
| 105 | @aa z 000yy | |
| 106 | @ar | |
| 200 | 1 | @a改善糖尿病100法@AGai Shan Tang Niao Bing 100 Fa@f李成卫主编@FLi Cheng Wei Zhu Bian |
| 210 | @a北京@c中国纺织出版社@d2009 | |
| 215 | @a96页@c图@d24cm | |
| 300 | @a尚锦文化 家庭保健百科 | |
| 330 | @a本书主要阐述了糖尿病防治的饮食、运动、按摩等方面的内容。主要内容包括:运动疗法、穴位疗法、饮食疗法、糖尿病食疗药膳、利用中草药降血糖等。 | |
| 606 | 0 | @a糖尿病@x防治 |
| 606 | 0 | @a糖尿病 |
| 690 | @aR587.1@v4 | |
| 701 | 0 | @a李成卫@ALi Cheng Wei@4主编 |
| 801 | 0 | @aCN@bTANGWEI@c20100407 |
| 905 | @b0587066-70@dR587.1@e118@f5 | |
| 改善糖尿病100法/李成卫主编.-北京:中国纺织出版社,2009 |
| 96页:图;24cm |
| 尚锦文化 家庭保健百科 |
| ISBN 978-7-5064-5709-5:CNY16.00 |
| 本书主要阐述了糖尿病防治的饮食、运动、按摩等方面的内容。主要内容包括:运动疗法、穴位疗法、饮食疗法、糖尿病食疗药膳、利用中草药降血糖等。 |
| ● |
| 相关链接 |
|
|
|
|
正题名:改善糖尿病100法
索取号:R587.1/118
 
预约/预借
| 序号 | 登录号 | 条形码 | 馆藏地/架位号 | 状态 | 备注 |
| 1 | 0587066 | 205870663 | 第二样本阅览室/ [索取号:R587.1/118] | 在馆 | |
| 2 | 0587067 | 205870672 | 第三借阅区/ [索取号:R587.1/118] | 在馆 | |
| 3 | 0587068 | 205870681 | 第三借阅区/ [索取号:R587.1/118] | 在馆 | |
| 4 | 0587069 | 205870690 | 第三借阅区/ [索取号:R587.1/118] | 在馆 | |
| 5 | 0587070 | 205870707 | 第三借阅区/ [索取号:R587.1/118] | 在馆 |